| 000 | 00939ngm a2200445 4500 | ||
|---|---|---|---|
| 001 | 00041932 | ||
| 003 | DO-SdBNP | ||
| 005 | 20180130103343.0 | ||
| 007 | 00041932 | ||
| 008 | 060623s1979 it 00 1 spa | ||
| 015 | _a | ||
| 016 | 7 |
_a _2BPMSU |
|
| 017 |
_a _b |
||
| 020 | _a8820001500 | ||
| 028 | 4 | 0 |
_a _b |
| 035 | _a | ||
| 040 |
_aBPMSU _bspa _cBPMSU _e |
||
| 100 | _4Brandel, Marc | ||
| 240 |
_a _l |
||
| 245 | 1 | 3 |
_aLa mano / _cMarc Brandel _b |
| 260 |
_aMilano : _bSperling & kupfer editori, _c1989 |
||
| 300 |
_a285 p. : _c23 cm. _b |
||
| 511 | 1 | _a | |
| 518 | _a | ||
| 520 | 3 | _a | |
| 521 | _a | ||
| 530 | _a | ||
| 546 | _a | ||
| 700 | 1 | _a | |
| 700 | 1 |
_a _d |
|
| 700 | 1 |
_a _d |
|
| 700 | 1 |
_a _t |
|
| 700 | 1 |
_a _d |
|
| 700 | 1 |
_a _d |
|
| 700 | 1 |
_a _d |
|
| 700 | 1 | _a | |
| 942 |
_2ddc _cBK |
||
| 945 | _aInventariado, 2018/MFF | ||
| 956 |
_2VMATEO _310 _620160313 _8BPMSU _a00151 |
||
| 999 |
_c9253 _d9253 |
||